Statistics for Diaspora-Azerbaijan

Click here to take the quiz!

General Stats

  • This quiz has been taken 104 times
  • The average score is 11 of 15

Answer Stats

Number of immigrantsContinentCountry% Correct
603.070Asia/ EuropeRussia
99%
80.000Asia/ EuropeTurkey
97%
400.000North AmericaUnited States of America
97%
6.220EuropeUnited Kingdom
90%
15.219EuropeGermany
88%
6.425North AmericaCanada
86%
284.761AsiaGeorgia
77%
85.292AsiaKazakhstan
77%
44.410AsiaUzbekistan
67%
33.365AsiaTurkmenistan
66%
45.176EuropeUkraine
64%
7.000AsiaUnited Arab Emirates
56%
17.267AsiaKyrgyzstan
53%
5.567EuropeBelarus
47%
7.000-18.000Europethe Netherlands
35%

Score Distribution

Percentile by Number Answered

Percent of People with Each Score

Your Score History

You have not taken this quiz